MARC details
| 000 -LÍDER |
| campo de controle de tamanho fixo |
01200nam a2200349 4500 |
| 001 - NÚMERO DE CONTROLE |
| campo de controle |
190 |
| 003 - IDENTIFICADOR DO NÚMERO DE CONTROLE |
| campo de controle |
OSt |
| 005 - DATA E HORÁRIO DA ÚLTIMA TRANSAÇÃO |
| campo de controle |
20250528074014.0 |
| 008 - CAMPO DE DADOS FIXOS--INFORMAÇÃO GERAL |
| campo de controle de tamanho fixo |
250131b |||||||g |||| 00| 1 eng d |
| 020 ## - ISBN - INTERNATIONAL STANDARD BOOK NUMBER |
| ISBN - International Standard Book Number |
8573387866 |
| 040 ## - FONTE DA CATALOGAÇÃO |
| Idioma da catalogação |
por |
| 041 ## - CÓDIGO DE IDIOMA |
| Código do idioma do original e/ou traduções intermediárias do texto |
eng |
| Código do idioma do texto/trilha sonora ou título diferente |
por |
| 082 ## - CDD - CLASSIFICAÇÃO DECIMAL DE DEWEY |
| Número de Classificação |
028.5 |
| Número do exemplar |
D314r |
| 100 1# - ENTRADA PRINCIPAL--NOME PESSOAL |
| Nome pessoal |
Defoe, Daniel, |
| Datas associadas ao nome |
1661?-1731 |
| 9 (RLIN) |
347 |
| 240 ## - TÍTULO UNIFORME |
| Título uniforme |
Robinson Crusoe |
| 245 ## - TÍTULO |
| Título |
Robinson Crusoe / |
| Indicação de responsabilidade, etc. |
Defoe, Daniel ; Tradução de Fernando Nuno e Ilustração de Marcelo Ribeiro |
| 260 ## - PUBLICAÇÃO, DISTRIBUIÇÃO, ETC. |
| Local de publicação, distribuição, etc. |
São Paulo |
| Nome do editor, distribuidor, etc. |
DCL |
| Data da publicação, distribuição, etc. |
2003 |
| 300 ## - DESCRIÇÃO FÍSICA |
| Extensão |
64 p. |
| 520 ## - NOTA DE RESUMO, ETC. |
| Resumo, etc. |
Defoe antecipou, de certa forma, a chamada literatura realista, que só viria a ser predominante 150 anos depois. A forma de contar a história, com tamanho cuidado de detalhes, levou a maioria dos leitores a acreditar que se tratasse de um relato verdadeiro.<br/> |
| 650 #0 - ASSUNTO--TERMO TÓPICO |
| Cabeçalho tópico ou nome geográfico |
Literatura Inglesa |
| 9 (RLIN) |
89 |
| 650 #0 - ASSUNTO--TERMO TÓPICO |
| Cabeçalho tópico ou nome geográfico |
Adaptação |
| 9 (RLIN) |
788 |
| 650 #0 - ASSUNTO--TERMO TÓPICO |
| Cabeçalho tópico ou nome geográfico |
Infantojuvenil |
| 9 (RLIN) |
200 |
| 650 #0 - ASSUNTO--TERMO TÓPICO |
| Cabeçalho tópico ou nome geográfico |
Aventura |
| 9 (RLIN) |
47 |
| 650 #0 - ASSUNTO--TERMO TÓPICO |
| Cabeçalho tópico ou nome geográfico |
Viagens |
| 9 (RLIN) |
189 |
| 650 #0 - ASSUNTO--TERMO TÓPICO |
| Cabeçalho tópico ou nome geográfico |
Clássicos |
| 9 (RLIN) |
77 |
| 650 #0 - ASSUNTO--TERMO TÓPICO |
| Cabeçalho tópico ou nome geográfico |
Filme |
| 9 (RLIN) |
26 |
| 655 #0 - TERMO DE ÍNDICE--GÊNERO E FORMA |
| Gênero/forma/ou termo foco |
Romance |
| 655 #0 - TERMO DE ÍNDICE--GÊNERO E FORMA |
| Gênero/forma/ou termo foco |
Ficção |
| 700 ## - ENTRADA ADICIONADA - NOME PESSOAL |
| Nome pessoal |
Fernando Nuno |
| Função do autor por extenso |
Tradutor |
| 9 (RLIN) |
349 |
| 700 ## - ENTRADA ADICIONADA - NOME PESSOAL |
| Nome pessoal |
Marcelo Ribeiro |
| Função do autor por extenso |
Ilustração |
| 9 (RLIN) |
350 |
| 942 ## - ELEMENTOS DE ENTRADA ADICIONADOS (KOHA) |
| Fonte de classificação ou esquema de arquivamento |
Classificação decimal de Dewey |
| Ocultar no OPAC |
Não |
| Tipo de material Koha |
Livros |